000 00322nam a22001337a 4500
999 _c15450
_d15450
020 _a8122501303
082 _a637.14
_bTUF/DA
100 _aTufail, Ahmad .
_93154
245 _aDairy plant engineering and management
250 _a8 /
260 _aAllahabad :
_bKitab Mahal ,
_c2017.
300 _a816p.;
942 _cBK